| 000 | nam a22 7a 4500 | ||
|---|---|---|---|
| 999 |
_c29925 _d29925 |
||
| 008 | 181015b xxu||||| |||| 00| 0 eng d | ||
| 050 | _aLA1463 .7 .M85 2017 | ||
| 100 | _aPeter Masaku Muiya | ||
| 245 | _aAn investigation into the family based factor influencing students academic performance in public secondary schools in machakos sub -county , machakos county/ | ||
| 300 |
_aix,70p. : _bIll , ; _c30cm. |
||
| 521 | _aMasters | ||
| 650 |
_aAcademic performance _xpublic secondary schools |
||
| 942 |
_2lcc _cRESEARCH |
||